|
|
|
|
| LEADER |
01182nam a2200325 a 4500 |
| 001 |
28213 |
| 003 |
BD-DhAAL |
| 005 |
20230525144418.0 |
| 008 |
141203s1983 nyu b 000 0 eng d |
| 010 |
|
|
|a 89109926
|
| 020 |
|
|
|a 0936756020
|
| 035 |
|
|
|a (OCoLC)11123683
|
| 040 |
|
|
|a NSbSU
|c DLC
|d DLC
|d BD-DhAAL
|
| 041 |
1 |
|
|a eng
|
| 042 |
|
|
|a lccopycat
|
| 050 |
0 |
4 |
|a BD336
|b .B38 1983
|
| 082 |
|
|
|a 110
|
| 100 |
1 |
|
|a Baudrillard, Jean,
|d 1929-2007.
|9 6461
|
| 245 |
1 |
0 |
|a Simulations /
|c Jean Baudrillard ; translated by Paul Foss, Paul Patton and Philip Beitchman.
|
| 260 |
|
|
|a New York City, N.Y., U.S.A. :
|b Semiotext(e), Inc.,
|c c1983.
|
| 300 |
|
|
|a 159 p. ;
|c 18 cm.
|
| 490 |
|
0 |
|a Foreign agents series
|
| 504 |
|
|
|a Includes bibliographical references.
|
| 505 |
0 |
|
|a The precession of simulation -- The orders of simulacra.
|
| 541 |
|
|
|e 28213
|
| 650 |
|
0 |
|a Resemblance (Philosophy)
|9 6462
|
| 650 |
|
0 |
|a Reality.
|9 6463
|
| 942 |
|
|
|2 ddc
|c BK
|
| 999 |
|
|
|c 33195
|d 33195
|
| 952 |
|
|
|0 0
|1 4
|2 ddc
|4 0
|6 110_000000000000000_BAU
|7 0
|9 44310
|a BRACUL
|b BRACUL
|c GEN
|d 2014-12-03
|e Karim International
|g 1360.00
|l 2
|m 31
|o 110 BAU
|p 3010028213
|r 2016-02-23
|s 2016-02-16
|t 1
|w 2014-12-03
|y BK
|x Koha Inventory 2020
|